01341cam a2200337 i 450000100090000000300090000900500170001800800410003502000260007602000290010203500240013104000810015508200240023610000380026024501000029826400520039830000450045033600260049533700280052133800270054950400510057665000560062765000460068365000280072965300140075765500170077170000370078894200120082599900170083795201490085415513122EG-ScBUE20240820103921.0081106s2009 enka f b 001 0 eng d a052188361X (hardback) a9780521883610 (hardback) a(OCoLC)ocn261176779 aDLCbengerdacDLCdBTCTAdYDXCPdUKMdBWKUKdBWKdCDXdOCLCQdDLCdEG-ScBUE04a500.201185222bDES1 aDesai, Rashmi C.,eauthor.92341210aDynamics of self-organized and self-assembled structures /cRashmi C. Desai and Raymond Kapral. 1aCambridge :bCambridge University Press,c2009. axiv, 328 pages :billustrations ;c26 cm 2rdacontentatextbtxt aunmediated2rdamediabn avolumebnc2rdacarrier aIncludes bibliographical references and index. 7aPattern formation (Physical sciences)2BUEsh923413 7aPhase rule and equilibrium.2BUEsh923414 7aDynamics.2BUEsh923415 cApril2011 vReading book1 aKapral, Raymond,eauthor.923416 2ddccBB c15199d15199 00102ddc40708araboasisaMAINbMAINc1STd2011-04-27ePurchaseg420.00h72l0o500.201185 DESp000023421r2025-07-15 00:00:00w2011-04-27yBB